|
|
|
|
| LEADER |
00000nam0a2200000 4500 |
| 001 |
107447 |
| 005 |
20231031115301.0 |
| 035 |
|
|
|a (RuTPU)RU\TPU\book\116006
|
| 090 |
|
|
|a 107447
|
| 100 |
|
|
|a 20061223d1976 km y0rusy50 ca
|
| 101 |
0 |
|
|a rus
|
| 102 |
|
|
|a RU
|
| 105 |
|
|
|a a z 001zy
|
| 200 |
1 |
|
|a Подъемные устройства геологоразведочных буровых установок
|f Г. Д. Поляков, Е. С. Булгаков, К. Н. Лащилин
|
| 210 |
|
|
|a Москва
|c Недра
|d 1976
|
| 215 |
|
|
|a 264 с.
|c ил.
|
| 320 |
|
|
|a Список литературы: с. 260-261.
|
| 610 |
1 |
|
|a подъемный механизм
|
| 610 |
1 |
|
|a буровые установки
|
| 610 |
1 |
|
|a геологоразведочное оборудование
|
| 610 |
1 |
|
|a бурильные колонны
|
| 610 |
1 |
|
|a спуск
|
| 610 |
1 |
|
|a подъем
|
| 610 |
1 |
|
|a механизация
|
| 610 |
1 |
|
|a расчет
|
| 610 |
1 |
|
|a проектирование
|
| 610 |
1 |
|
|a эксплуатация
|
| 610 |
1 |
|
|a геологоразведочные скважины
|
| 610 |
1 |
|
|a зажимные патроны
|
| 610 |
1 |
|
|a формулы
|
| 610 |
1 |
|
|a графики
|
| 610 |
1 |
|
|a таблицы
|
| 610 |
1 |
|
|a иллюстрации
|
| 675 |
|
|
|a 550.8.002
|v 3
|
| 675 |
|
|
|a 622.242
|v 3
|
| 700 |
|
1 |
|a Поляков
|b Г. Д.
|g Григорий Давидович
|
| 701 |
|
1 |
|a Булгаков
|b Е. С.
|g Евгений Семенович
|
| 701 |
|
1 |
|a Лащилин
|b К. Н.
|g Константин Никандрович
|
| 801 |
|
1 |
|a RU
|b 63413507
|c 20061223
|g PSBO
|
| 801 |
|
2 |
|a RU
|b 63413507
|c 20161018
|g PSBO
|
| 942 |
|
|
|c BK
|